000 00613cam a22002053a 4500
001 37033
003 PGUSA
005 20140828083819.0
008 110811s2011||||xxu|||||s|||||000 | eng d
040 _aPGUSA
_beng
042 _adc
100 1 _aBrod, Max
245 1 0 _aÜber die Schönheit häßlicher Bilder :
_bEin Vademecum für Romantiker unserer Zeit
_h[electronic resource] /
_cMax Brod
260 _bProject Gutenberg,
_c2011
506 _aPublic domain in the USA.
516 _aElectronic text
830 0 _aProject Gutenberg
_v37033
856 4 0 _uhttp://www.gutenberg.org/ebooks/37033
942 _cEB
999 _c266288
_d266288